01090nam a2200241 a 450000100100000000500170001000800410002704000250006808200150009310000290010824000630013724501760020026000900037630000210046649000290048750000280051670000340054471000460057871000580062483000360068295201130071899900170083100003714720200930080154.0120217s1973 mx 000 0 spa d aDO-SdBNPbspacBNPHU axxxxbE49e1 aElsey, Freeman F.96355010aBusiness and economic statistics a programmed introduction10aEstadística aplicada al comercio y la economía. :binstrucción programda /cFreeman F. Elsey; prólogo Marion J. L. Gandulfo, traducción Contadora Cristina Wirth. aMéxico :bEdiciones MarymarbAgencia para el Deserrollo Internacional (AID),c1973. a448 p. ;c23 cm.1 aBiblioteca de economía aTraduccido del inglés1 aGandulfo, Marion J. L.9635512 aCentro Regional de Ayuda Técnica9491642 aAgencia para el Deserrollo Internacional (AID)963552 0aBiblioteca de economía952412 001050718MOaGRbGRcCTd2012-02-17iLF1l0oxxxx E49ep37147-10r2020-06-25w2020-06-25y1ZNo se presta c36637d36637